| 000 | 00649na a2200241 4500 | ||
|---|---|---|---|
| 001 | 18871 | ||
| 003 | MIRAKIL | ||
| 005 | 20181213155048.0 | ||
| 008 | 161203b tu 000 0 | ||
| 020 | _a9759876914 | ||
| 040 |
_aMilas _btur _cTR-AnCHP |
||
| 041 | _atur | ||
| 082 |
_a315.61 _bT85s 2004 |
||
| 090 | _a315.61 T85s 2004 | ||
| 100 | _aTuncer, Bülent | ||
| 245 |
_aSayıların diliyle Türkiye _cBülent Tuncer |
||
| 260 |
_aAnkara _bTESEV Yayınları _c2004 |
||
| 300 |
_avii, 150 s. _btbl. , grf. _c24 sm. |
||
| 490 |
_aTESAV yayınları _v27 |
||
| 504 | _aKaynakça var. | ||
| 650 |
_aİstatistikler _zTürkiye |
||
| 942 |
_2ddc _cBKS |
||
| 999 |
_c5815 _d5815 |
||